000
00286nam a2200109Ia 4500
008
220204s9999 xx 000 0 und d
082
_a
004
_b
JAW.2
100
_a
Jawaharlal Nehru
245
0
_a
Jawaharlal Nehru's speeches. V 2
260
_a
India
_b
Publication Division
_c
1983
942
_c
BK
999
_c
37699
_d
37699